| 000 | 02537cam a22004934i 4500 | ||
|---|---|---|---|
| 003 | PE-LiUPU | ||
| 005 | 20250731173054.0 | ||
| 008 | 180308s2017 ne rb 001 0 eng d | ||
| 020 | _a9789004308381 | ||
| 035 | _a(Sirsi) a241478 | ||
| 040 |
_aPE-LiUPU _bspa _cPE-LiUPU _erda |
||
| 049 | _aPRUA | ||
| 082 | 0 | 4 |
_a230.08996073 _bM12 _223 |
| 100 | 1 |
_aMcClendon, John H., _eautor. |
|
| 245 | 1 | 0 |
_aPhilosophy of religion and the African American experience : _bconversations with my Christian friends / _cby John H. McClendon III ; with the assistance of Brittany L. O'Neal. |
| 264 | 1 |
_aLeiden : _bBrill-Rodopi, _c2017. |
|
| 300 |
_aviii, 403 páginas ; _c24 centímetros. |
||
| 336 |
_atext _2rdacontent |
||
| 337 |
_aunmediated _2rdamedia |
||
| 338 |
_avolume _2rdacarrier |
||
| 490 | 0 | _aAfrican American philosophy | |
| 504 | _aBibliografía : páginas 377-400. | ||
| 504 | _aÍndice : páginas 401-403. | ||
| 505 | 0 | _aIntroduction: Conversation on African Americans and Christianity -- Can a philosopher spoil a good Christian? An introduction to the philosophy of religion and the African American experience -- Philosophy of religion: the social basis of theology and the secular character of philosophy -- Howard Thurman as historical investigator: on Jesus-the man-as Jew and the meaning of Christianity -- James Cone and the Old Testament as history book: a philosophical assessment -- Biblical scripture is a history book: an African American tradition -- Constructing Noah as Black: a contemporary myth about 'historical' origins of a biblical character -- William R. Jones and philosophical theology: transgressing and transforming conventional boundaries of Black liberation theology -- Divine racism and the matter of internal criticism: theology, theodicy, and ideology -- Conclusion: Social outlook and sacred text. | |
| 526 | _aSEG42 | ||
| 526 | _aSEG41 | ||
| 526 | _aSEG40 | ||
| 526 | _aSEG39 | ||
| 526 | _aP94 | ||
| 526 | _aP87 | ||
| 526 | _aP86 | ||
| 526 | _aP85 | ||
| 526 | _aP77 | ||
| 526 | _aP76 | ||
| 526 | _aP35 | ||
| 650 | 0 | _aAfrican American Christians. | |
| 650 | 0 | _aCristianos afroamericanos. | |
| 910 |
_adbm _bjpc _cjpc _d20180308 |
||
| 942 |
_2ddc _cBOOK |
||
| 994 |
_aC0 _bPEPRU |
||
| 596 | _a1 | ||
| 999 |
_a230.08996073 M12 _wDEWEY _c27104 _i78404 _f2021-11-9 _g4 _lCCODEBUL1 _mBUL _p98.00 _r0 _sY _tBOOK _u2018-3-8 _xTEOLOGIA _PP35 _0COMPRA _o.STAFF. Colección Teología _d27104 |
||
| 980 |
_81 _gALBERTO SANCHEZ Responsable de Automatización |
||